Lokacje z hollow knight - Statystyki

Ogólne statystyki
  • Ten quiz został rozwiązany 121 razy
  • Średni wynik to 8 z 15
Statystyki odpowiedzi
Hint Odpowiedź % Poprawnych
Jest w niej kamienne sanktuarium i mityczny stwór Unn Greenpath
82%
Jest w niej dużo magazynów i wież City of tears
81%
Jest w niej największa kolej w hallownest Deepnest
78%
Jest w niej Ślimacza szamanka i korona Hallownest Crystal peak
75%
Queens Gardens Queens Gardens
70%
Jest w niej znak króla i zwłoki Tise Kingdoms Edge
63%
Jest w niej Great nailsage i grabarz Dirtmouth
58%
Jest w niej archiwum nauczycielki Fog canyon
57%
Jest w niej Ćma i pomnik radiance Resting grounds
54%
Jest w niej Tuk ze swoimi jajkami oraz posągi króla i 5 rycerzy Royal waterways
48%
Jest w niej otchłań i ruiny Ancient basin
47%
Jest w niej największa kolej w hallownest Fungal Wastes
45%
Jest w niej największy robak w grze HIve
36%
Jestw niej zawieruszony stwór z koloseum i kotliny Forgotten Crossoads
0%
Jest w nim błogosławieństwo Jonniego Howling clifes
0%
Nie znaleziono quizów pasujących do podanych kryteriów
Rozkład punktacji
Procent ludzi z każdym wynikiem
Percentyl według liczby udzielonych odpowiedzi
Twoja historia wyników
Nie rozwiązałeś tego quizu